Most Used Pope Names - Statistics

General Stats
  • This quiz has been taken 78 times
  • The average score is 4 of 7
Answer Stats
Hint Answer % Correct
23 Times John
99%
16 Times Benedict
83%
12 Times Innocent
63%
12 Times Pius
61%
13 Times Leo
60%
16 Times Gregory
47%
14 Times Clement
34%
No matching quizzes found
Score Distribution
Percent of People with Each Score
Percentile by Number Answered
Your Score History
You have not taken this quiz